Bordering Countries with Equivalent Flag Colors - Statistics

General Stats
  • This quiz has been taken 20 times
  • The average score is 19 of 41
Answer Stats
Colors Continent Country % Correct
Green, Red, Yellow Africa Mali
93%
Green, Red, Yellow Africa Senegal
93%
Green, Red, Yellow Africa Guinea
87%
Green, Red, Yellow Africa Burkina Faso
80%
Green, Red, Yellow Africa Benin
73%
Blue, Red, White Europe France
73%
Blue, Red, White Europe, Asia Russia
67%
Green, Red, Yellow Africa Cameroon
60%
Green, Red, Yellow Africa Republic of the Congo
60%
Black, Green, Red, White Africa Sudan
60%
Black, Green, Red, White Asia Iraq
53%
Black, Green, Red, White Asia Jordan
53%
Black, Green, Red, White Asia Kuwait
53%
Black, Green, Red, White Africa Libya
53%
Blue, Red, White Europe Luxembourg
53%
Green, Red, Yellow Africa Mauritania
53%
Black, Green, Red, White Asia Syria
53%
Red, Yellow Asia China
47%
Red, White Europe Switzerland
47%
Red, White Europe Austria
40%
Black, Red, Yellow Europe Belgium
40%
Blue, Red, White Europe Czechia
40%
Blue, Green, Red, Yellow Africa Ethiopia
40%
Black, Red, Yellow Europe Germany
40%
Blue, Red, White Asia Laos
40%
Red, White Asia Turkey
40%
Blue, Red, White Asia Cambodia
33%
Blue, Green, Red, Yellow Africa Eritrea
33%
Black, Red, White, Yellow Africa Mozambique
33%
Blue, Red, White Europe, Asia Norway
33%
Blue, Red, White Europe Slovakia
33%
Black, Red, White, Yellow Africa Zimbabwe
33%
Blue, White, Yellow South America Argentina
27%
Blue, Red, White Asia Thailand
27%
Blue, White, Yellow South America Uruguay
27%
Blue, Red, White North America Costa Rica
20%
Red, White Asia Georgia
20%
Blue, Red, White North America Panama
20%
Red, Yellow Asia Vietnam
20%
Blue, Red, White Europe, Asia North Korea
13%
Red, Yellow Asia Kyrgyzstan
7%
No matching quizzes found
Score Distribution
Percent of People with Each Score
Percentile by Number Answered
Your Score History
You have not taken this quiz